000 00391nam a2200169Ia 4500
008 160105s9999 xx 000 0 und d
020 _a978-2-10-051327-7
041 _afre
245 _aLa science à l'école
260 _bParker Publishing Company
260 _c1968
490 _aNouveaux horizons
654 _xSCIENCE
942 _c09
994 _a109303
999 _c9207
_d37205